| 000 | 00548nam a2200181Ia 4500 | ||
|---|---|---|---|
| 005 | 20250508151458.0 | ||
| 008 | 008 250505s9999 xx 000 0 hin d | ||
| 037 | _aTextual | ||
| 040 |
_aFEDL _beng _cFEDL |
||
| 041 |
_ahin _2hin |
||
| 084 |
_a891.49, DIX _qFEDL |
||
| 100 |
_aDixit Triloki Narayan _9678328 |
||
| 245 | 0 | _aAvdhi aur uska sahitya: Avdhi bhasha aur sahitya ka parichyatmak vishleshan | |
| 260 |
_aDelhi, India _bRajkamal Prakashan |
||
| 300 | _a140p. | ||
| 942 |
_cTEXL _h891.49, DIX |
||
| 999 |
_c1330080 _d1330080 |
||